000 00583nam a2200193Ia 4500
005 20250923145048.0
008 008 250917s9999 xx 000 0 eng d
037 _aTextual
040 _aDSWL
_beng
_cDSWL
041 _aeng
_2eng
084 _aX;958.2'N6, N65
_qDSWL
245 0 _aLabour standards in Industrial undertakings
_cby Ministry of Labour, India
260 _bLabour Bureau Ministry of Labour Govt. of India
_c1965
300 _av,106p.
365 _aINR
_b1.80
925 _g1.80
942 _cTEXL
_hX;958.2'N6, N65
999 _c1446618
_d1446618